[Event "ESTCC U50 2018"]
[Site "Walbrzych"]
[Date "2018.04.22"]
[Round "9"]
[White "Szydelko, Kazimierz"]
[Black "Aegerter, Klaus"]
[Result "1/2-1/2"]
[WhiteElo "1689"]
[BlackElo "1731"]
[Annotator "NA"]
[PlyCount "114"]
[EventDate "2018.??.??"]
[EventCountry "POL"]
[SourceTitle "playchess.com"]
[Source "ChessBase"]
[SourceQuality "1"]
[WhiteTeam "Poland"]
[BlackTeam "Switzerland"]
[WhiteTeamCountry "POL"]
[BlackTeamCountry "SUI"]
[TimeControl "40/5400+30:1800+30"]

1. d4 {[%emt 0:00:04]} Nf6 {[%emt 0:00:13]} 2. c4 {[%emt 0:00:21]} g6 {[%emt 0:00:15]} 3. Nf3 {[%emt 0:00:06]} Bg7 {[%emt 0:00:17]} 4. Nc3 {[%emt 0:00:07]} O-O {[%emt 0:00:32]} 5. e4 {[%emt 0:00:07]} d6 {[%emt 0:00:15]} 6. Be2 {[%emt 0:01:14]} Nbd7 {[%emt 0:00:29]} 7. h3 {[%emt 0:00:36]} e5 {[%emt 0:00:38]} 8. Be3 {[%emt 0:01:04]} a5 {[%emt 0:02:54]} 9. O-O {[%emt 0:01:39]} exd4 {[%emt 0:03:25]} 10. Nxd4 {[%emt 0:04:06]} Nc5 {[%emt 0:01:32]} 11. Qc2 {[%emt 0:00:51]} Re8 {[%emt 0:01:55]} 12. Bf3 {[%emt 0:01:33]} Qe7 {[%emt 0:04:48]} 13. Nd5 {[%emt 0:02:26]} Nxd5 {[%emt 0:01:48]} 14. exd5 {[%emt 0:00:15]} Bd7 {[%emt 0:04:51]} 15. Rfe1 {[%emt 0:04:50]} Qh4 {[%emt 0:07:05]} 16. Qd2 {[%emt 0:04:53]} a4 {[%emt 0:12:04]} 17. Rac1 {[%emt 0:02:44]} Ne4 {[%emt 0:08:21]} 18. Bxe4 {[%emt 0:02:44]} Rxe4 {[%emt 0:03:12]} 19. Nf3 {[%emt 0:00:30]} Qf6 {[%emt 0:02:20]} 20. Bg5 {[%emt 0:20:13]} Rxe1+ {[%emt 0:00:39]} 21. Rxe1 {[%emt 0:00:19]} Qxb2 {[%emt 0:04:06]} 22. Qxb2 {[%emt 0:00:55]} Bxb2 {[%emt 0:00:08]} 23. Re7 {[%emt 0:00:14]} Bf5 {[%emt 0:00:36]} 24. Rxc7 {[%emt 0:00:34]} Bb1 {[%emt 0:01:47]} 25. c5 {[%emt 0:09:33]} Ba3 {[%emt 0:03:16]} 26. Rxb7 {[%emt 0:00:41]} Bxa2 {[%emt 0:01:56]} 27. cxd6 {[%emt 0:02:24]} Bxd5 {[%emt 0:03:21]} 28. Rb6 {[%emt 0:01:12]} Bxf3 {[%emt 0:09:14]} 29. gxf3 {[%emt 0:00:10]} Kf8 {[%emt 0:05:59]} 30. Bf4 {[%emt 0:14:49]} Ke8 {[%emt 0:07:27]} 31. Kg2 {[%emt 0:04:30]} Bc5 {[%emt 0:03:39]} 32. Rc6 {[%emt 0:06:22]} a3 {[%emt 0:00:47]} 33. Rxc5 {[%emt 0:04:46]} a2 {[%emt 0:00:10]} 34. Be5 {[%emt 0:00:26]} a1=Q {[%emt 0:00:20]} 35. Bxa1 {[%emt 0:00:08]} Rxa1 {[%emt 0:00:07]} 36. Rc8+ {[%emt 0:01:27]} Kd7 {[%emt 0:00:32]} 37. Rf8 {[%emt 0:00:11]} Ra5 {[%emt 0:05:22]} 38. Rxf7+ {[%emt 0:01:16]} Kxd6 {[%emt 0:00:04]} 39. h4 {[%emt 0:00:13]} Rh5 {[%emt 0:00:40]} 40. Kg3 {[%emt 0:00:00]} Ke6 {[%emt 0:00:41]} 41. Ra7 {[%emt 0:06:58]} Kf6 {[%emt 0:00:39]} 42. Kg4 {[%emt 0:00:37]} Ke6 {[%emt 0:01:31]} 43. f4 {[%emt 0:01:18]} Kf6 {[%emt 0:03:13]} 44. f3 {[%emt 0:03:05]} h6 {[%emt 0:05:01]} 45. Rh7 {[%emt 0:00:56]} Rb5 {[%emt 0:02:14]} 46. Rc7 {[%emt 0:03:11]} h5+ {[%emt 0:01:57]} 47. Kg3 {[%emt 0:00:06]} Ra5 {[%emt 0:00:28]} 48. Rc6+ {[%emt 0:00:16]} Kf7 {[%emt 0:00:06]} 49. Rc3 {[%emt 0:00:20]} Kf6 {[%emt 0:01:27]} 50. Re3 {[%emt 0:00:17]} Rb5 {[%emt 0:00:19]} 51. Re8 {[%emt 0:00:08]} Ra5 {[%emt 0:00:57]} 52. Kf2 {[%emt 0:00:40]} Rb5 {[%emt 0:02:39]} 53. Rd8 {[%emt 0:00:18]} Kf5 {[%emt 0:01:11]} 54. Rf8+ {[%emt 0:00:06]} Ke6 {[%emt 0:00:14]} 55. Re8+ {[%emt 0:01:13]} Kf5 {[%emt 0:00:47]} 56. Re4 {[%emt 0:01:46]} Ra5 {[%emt 0:01:00]} 57. Rd4 {[%emt 0:01:05]} Rb5 1/2-1/2

[Event "ESTCC U50 2018"]
[Site "Walbrzych"]
[Date "2018.04.22"]
[Round "9"]
[White "Telenius, Kimmo"]
[Black "Fatalibekova, Elena"]
[Result "0-1"]
[WhiteElo "1603"]
[BlackElo "2195"]
[Annotator "NA"]
[PlyCount "40"]
[EventDate "2018.??.??"]
[EventCountry "POL"]
[SourceTitle "playchess.com"]
[Source "ChessBase"]
[SourceQuality "1"]
[WhiteTeam "Finland"]
[BlackTeam "Russia"]
[WhiteTeamCountry "FIN"]
[BlackTeamCountry "RUS"]
[TimeControl "40/5400+30:1800+30"]

1. e4 c5 2. Nf3 Nc6 3. d4 cxd4 4. Nxd4 g6 {LiveBook: 9489 Games} 5. g3 Bg7 6. c3 d6 7. Bg2 Bd7 8. O-O Qc8 9. Be3 Nf6 10. f3 h5 11. Na3 Ne5 12. Rc1 O-O ({Black should try} 12... h4 $11) 13. Qd2 Kh7 14. f4 Neg4 15. f5 Nxe3 $17 16. fxg6+ fxg6 17. Qxe3 Bh6 18. Qd3 Bxc1 19. Rxc1 Ng4 20. Nf3 Qc5+ {Bf1} 0-1